[Event "WchT Blitz Pool C"]
[Site "London"]
[Date "2025.06.14"]
[Round "9.2"]
[White "Schneider, Ilja"]
[Black "Royal, Shreyas"]
[Result "1-0"]
[WhiteElo "2417"]
[BlackElo "2492"]
[PlyCount "115"]
[EventDate "2025.06.14"]
[EventType "team-tourn"]
[EventRounds "13"]
[EventCountry "ENG"]
[SourceTitle "CB25_2025"]
[SourceDate "2025.06.18"]
[SourceVersion "1"]
[SourceVersionDate "2025.06.18"]
[SourceQuality "1"]
[WhiteTeam "Berlin Chess Federation"]
[BlackTeam "Rookies"]
[WhiteTeamCountry "GER"]
[BlackTeamCountry "KAZ"]

1. e4 c5 2. Nc3 Nc6 3. Bb5 g6 4. Bxc6 bxc6 5. f4 Bg7 6. d3 d6 7. Nf3 a5 8. a4 Nf6 9. 0-0 Bg4 10. Qe1 Bxf3 11. Rxf3 Nd7 12. b3 0-0 13. Bd2 e6 14. Kh1 f5 15. exf5 exf5 16. Qe6+ Kh8 17. Re1 Nf6 18. Rfe3 Qc7 19. Qe7 Qxe7 20. Rxe7 Nd5 21. Nxd5 cxd5 22. Kg1 Bf6 23. Rd7 Rfd8 24. Rxd8+ Rxd8 25. Bxa5 Rd7 26. Bb6 Kg7 27. a5 Rb7 28. Re6 Be7 29. a6 Rxb6 30. Rxe7+ Kf6 31. a7 Ra6 32. Rxh7 Ra2 33. c4 d4 34. h3 g5 35. fxg5+ Kxg5 36. Rd7 Kf4 37. h4 Kg3 38. Rg7+ Kxh4 39. Kh2 Ra3 40. Rd7 Kg5 41. Kg3 Ra6 42. Kf3 Ra3 43. Rb7 Kf6 44. Kf4 Ke6 45. Kg5 Ra2 46. g3 Ra1 47. Kg6 Ra2 48. Kg7 Ra1 49. Kf8 d5 50. Ke8 dxc4 51. bxc4 Kd6 52. Kd8 Kc6 53. Kc8 Rh1 54. Rd7 Rh8+ 55. Rd8 Rxd8+ 56. Kxd8 Kb7 57. Kd7 Kxa7 58. Kc6 1-0

[Event "WchT Rapid"]
[Site "London"]
[Date "2025.06.13"]
[Round "9.3"]
[White "Royal, Shreyas"]
[Black "Erdogmus, Yagiz Kaan"]
[Result "0-1"]
[WhiteElo "2372"]
[BlackElo "2384"]
[PlyCount "102"]
[EventDate "2025.06.11"]
[EventType "team-swiss"]
[EventRounds "12"]
[EventCountry "ENG"]
[SourceTitle "CB25_2025"]
[SourceDate "2025.06.18"]
[SourceVersion "1"]
[SourceVersionDate "2025.06.18"]
[SourceQuality "1"]
[WhiteTeam "Rookies"]
[BlackTeam "Generation XYZA"]
[WhiteTeamCountry "KAZ"]
[BlackTeamCountry "TUR"]

1. d4 d5 2. c4 dxc4 3. Nf3 c5 4. e3 cxd4 5. Bxc4 Qc7 6. Qb3 e6 7. exd4 Nc6 8. 0-0 Bd7 9. Qe3 Be7 10. Nc3 Nf6 11. Qe2 0-0 12. a3 Rac8 13. Ba2 Rfe8 14. Be3 Bf8 15. Rac1 h6 16. Rfd1 Qb8 17. Qd2 Rcd8 18. Bb1 a6 19. Bf4 Qa7 20. h3 Ne7 21. Be5 Bc6 22. Qf4 Nd7 23. h4 Bxf3 24. Qxf3 Nc6 25. Qd3 g6 26. Bc7 Rc8 27. Bf4 Nf6 28. Be5 Nxe5 29. dxe5 Ng4 30. Ne4 Rxc1 31. Rxc1 Bg7 32. Qd7 Rf8 33. Rc7 Nxe5 34. Rxb7 Qa8 35. Qe7 Re8 36. Qb4 Rd8 37. Nc3 Qc8 38. Be4 h5 39. g3 Kh7 40. Qb6 Rd2 41. Qe3 Qd8 42. Rb8 Qxb8 43. Qxd2 Nc4 44. Qd7 Qxb2 45. Qxf7 Ne5 46. Qc7 Ng4 47. Qf7 Ne5 48. Qc7 Qxa3 49. Ne2 Qa4 50. Qc2 Nf3+ 51. Kf1 Qxe4 0-1

[Event "ChessKid Youth U16 GpA"]
[Site "Chess.com INT"]
[Date "2025.06.07"]
[Round "5"]
[White "Erdogmus, Yagiz Kaan"]
[Black "Royal, Shreyas"]
[Result "1-0"]
[WhiteElo "2626"]
[BlackElo "2492"]
[PlyCount "115"]
[EventDate "2025.06.07"]
[EventType "tourn (blitz)"]
[EventRounds "10"]
[EventCountry "USA"]
[EventCategory "11"]
[SourceTitle "CB26_2025"]
[SourceDate "2025.06.25"]
[SourceVersion "1"]
[SourceVersionDate "2025.06.25"]
[SourceQuality "1"]

1. b3 d5 2. Bb2 Nf6 3. Nf3 c5 4. e3 e6 5. d4 Bd6 6. Nbd2 b6 7. Bd3 0-0 8. e4 Be7 9. exd5 exd5 10. Ne5 Ba6 11. Bxa6 Nxa6 12. Qe2 Qc8 13. 0-0 Bd6 14. Ndf3 Nb4 15. dxc5 bxc5 16. a3 Na6 17. Rad1 Re8 18. Qd3 Nc7 19. Nc4 Bf8 20. Nce5 Ne6 21. Rde1 Qc7 22. Qf5 Rad8 23. h4 d4 24. h5 Nd5 25. Bc1 g6 26. hxg6 hxg6 27. Nxg6 Ng7 28. Qg5 fxg6 29. Rxe8 Nxe8 30. Qxg6+ Qg7 31. Qe6+ Qf7 32. Qg4+ Bg7 33. Ne5 Qc7 34. Qe6+ Kh7 35. Qf5+ Kg8 36. Qe6+ Kh7 37. Nf7 Nef6 38. Nxd8 Qxd8 39. Bg5 Qd7 40. Re1 Kg6 41. Bd2 Qxe6 42. Rxe6 Kf5 43. Ra6 Ne4 44. Be1 Nec3 45. Rxa7 Be5 46. f3 Bf4 47. g4+ Ke5 48. Rh7 Be3+ 49. Kf1 Kf4 50. Rf7+ Kg5 51. Rf5+ Kg6 52. Bxc3 Nxc3 53. Rxc5 Kf6 54. a4 Ke6 55. a5 Kd6 56. a6 Nd5 57. Rxd5+ Kxd5 58. a7 1-0

[Event "ChessKid Youth U16 GpA"]
[Site "Chess.com INT"]
[Date "2025.06.07"]
[Round "8"]
[White "Poh, Yu Tian"]
[Black "Royal, Shreyas"]
[Result "0-1"]
[WhiteElo "2458"]
[BlackElo "2492"]
[PlyCount "140"]
[EventDate "2025.06.07"]
[EventType "tourn (blitz)"]
[EventRounds "10"]
[EventCountry "USA"]
[EventCategory "11"]
[SourceTitle "CB26_2025"]
[SourceDate "2025.06.25"]
[SourceVersion "1"]
[SourceVersionDate "2025.06.25"]
[SourceQuality "1"]

1. e4 c6 2. Nf3 d5 3. d3 g6 4. e5 Bg7 5. d4 f6 6. Bd3 fxe5 7. Nxe5 Nd7 8. Qe2 Nxe5 9. dxe5 Nh6 10. c4 Bf5 11. Bxh6 Bxd3 12. Qxd3 Bxh6 13. Nc3 dxc4 14. Qe2 Qd3 15. Rd1 Qxe2+ 16. Kxe2 Rd8 17. g3 Kf7 18. f4 Ke6 19. h4 b5 20. Ne4 Rd5 21. Nc3 Rdd8 22. Ke3 a5 23. Ne4 Rd5 24. Nc3 Rxe5+ 25. Kf3 Rf8 26. Ne4 Rd5 27. Rhe1 Kf7 28. Nc3 Rd6 29. Ne4 Rxd1 30. Rxd1 Bg7 31. Rd2 h6 32. g4 Rb8 33. Ke3 a4 34. Rc2 Ra8 35. Nd2 Rd8 36. Nf3 a3 37. bxa3 Rd3+ 38. Ke4 Rxa3 39. f5 gxf5+ 40. gxf5 Bf6 41. h5 Rd3 42. a4 Ra3 43. axb5 cxb5 44. Rc1 Rc3 45. Rb1 Rb3 46. Rxb3 cxb3 47. Kd3 b2 48. Kc2 e6 49. fxe6+ Kxe6 50. Nd2 Kf5 51. Nb1 b4 52. Kb3 Bc3 53. Kc2 Kg5 54. Kd3 Kxh5 55. Ke2 Kg4 56. Kf2 Kf4 57. Ke2 h5 58. Kf2 Ke4 59. Ke2 h4 60. Kf2 Kd3 61. Kf3 Kc2 62. Ke2 Kxb1 63. Kd1 h3 64. Ke2 h2 65. Kf2 h1Q 66. Ke2 Qe1+ 67. Kd3 Qd2+ 68. Kc4 Qd4+ 69. Kb5 Ka2 70. Ka4 b1Q 0-1

[Event "Dubai op-A 25th"]
[Site "Dubai"]
[Date "2025.06.04"]
[Round "9"]
[White "Royal, Shreyas"]
[Black "Mayank, Chakraborty"]
[Result "1/2-1/2"]
[WhiteElo "2493"]
[BlackElo "2436"]
[PlyCount "57"]
[EventDate "2025.05.27"]
[EventType "swiss"]
[EventRounds "9"]
[EventCountry "UAE"]
[SourceTitle "CB23_2025"]
[SourceDate "2025.06.04"]
[SourceVersion "1"]
[SourceVersionDate "2025.06.04"]
[SourceQuality "1"]

1. Nf3 d5 2. e3 Nf6 3. c4 e6 4. Nc3 Be7 5. b3 0-0 6. Bb2 c5 7. cxd5 exd5 8. d4 Nc6 9. Be2 Ne4 10. dxc5 Bf6 11. Rc1 Qa5 12. Nd4 Nxc5 13. Nxc6 bxc6 14. 0-0 Bf5 15. Nxd5 Bxb2 16. Ne7+ Kh8 17. b4 Qxa2 18. Rxc5 Rad8 19. Qe1 Be4 20. Nxc6 Rc8 21. Nd4 Rxc5 22. bxc5 Qa3 23. c6 Qc5 24. Qd2 Bc3 25. Qa2 Bxd4 26. exd4 Qg5 27. g3 Bxc6 28. Rd1 Qd5 29. Qxd5 1/2-1/2

[Event "Dubai op-A 25th"]
[Site "Dubai"]
[Date "2025.06.01"]
[Round "6"]
[White "Nandhidhaa, PV."]
[Black "Royal, Shreyas"]
[Result "0-1"]
[WhiteElo "2363"]
[BlackElo "2493"]
[PlyCount "108"]
[EventDate "2025.05.27"]
[EventType "swiss"]
[EventRounds "9"]
[EventCountry "UAE"]
[SourceTitle "CB23_2025"]
[SourceDate "2025.06.04"]
[SourceVersion "1"]
[SourceVersionDate "2025.06.04"]
[SourceQuality "1"]

1. Nf3 d5 2. g3 Nf6 3. Bg2 e6 4. 0-0 Be7 5. c4 0-0 6. b3 b6 7. Bb2 Bb7 8. cxd5 exd5 9. e3 Nbd7 10. Nc3 Nc5 11. d3 Ne6 12. d4 c5 13. Rc1 Rc8 14. Re1 a6 15. dxc5 bxc5 16. Re2 Qb6 17. Na4 Qa7 18. Ne5 Rfd8 19. Rec2 a5 20. Qe1 Bd6 21. Nd3 Ne4 22. f3 Nf6 23. Bxf6 gxf6 24. Nf2 c4 25. bxc4 Bb4 26. Qe2 d4 27. f4 dxe3 28. Ng4 Bxg2 29. Kxg2 Qb7+ 30. Kh3 Rd2 31. Rxd2 exd2 32. Nxf6+ Kg7 33. Nh5+ Kf8 34. Rf1 Qd7 35. f5 Ng5+ 36. Kg4 Re8 37. Qg2 Re1 38. Nb2 d1Q+ 39. Nxd1 Qxd1+ 40. Kxg5 Rxf1 41. Qa8+ Ke7 42. f6+ Kd6 43. Qf8+ Ke5 44. Qe8+ Kd4 45. Qxf7 Bd2+ 46. Kh4 Qf3 47. Qa7+ Kd3 48. Qd7+ Kc3 49. Qxh7 Re1 50. Qg7 Re4+ 51. g4 Re5 52. Ng3 Be1 53. g5 Bxg3+ 54. hxg3 Re4+ 0-1

[Event "Dubai op-A 25th"]
[Site "Dubai"]
[Date "2025.05.30"]
[Round "4"]
[White "Hayrapetyan, Hovik"]
[Black "Royal, Shreyas"]
[Result "1-0"]
[WhiteElo "2423"]
[BlackElo "2493"]
[PlyCount "137"]
[EventDate "2025.05.27"]
[EventType "swiss"]
[EventRounds "9"]
[EventCountry "UAE"]
[SourceTitle "CB23_2025"]
[SourceDate "2025.06.04"]
[SourceVersion "1"]
[SourceVersionDate "2025.06.04"]
[SourceQuality "1"]

1. d4 Nf6 2. c4 e6 3. Nc3 d5 4. Nf3 Nbd7 5. cxd5 exd5 6. Bg5 Bb4 7. Nd2 c6 8. e3 Nf8 9. Bd3 Ng6 10. 0-0 0-0 11. f4 h6 12. Bxf6 Qxf6 13. f5 Qg5 14. Qe2 Nh4 15. Qf2 Nxg2 16. Nf3 Qxe3 17. Kxg2 Qxd3 18. Ne5 Qxf5 19. Qxf5 Bxf5 20. Rxf5 f6 21. Ng6 Rfe8 22. h4 Re3 23. Rf3 Rxf3 24. Kxf3 h5 25. Nf4 Kf7 26. Rg1 Rh8 27. Nce2 Rh6 28. Nd3 Bd6 29. b4 Rh8 30. Nef4 a6 31. a3 Bc7 32. Nc5 Bxf4 33. Kxf4 Re8 34. Kf3 b6 35. Nd3 Re4 36. Nf4 g6 37. Rd1 g5 38. hxg5 fxg5 39. Nxh5 Kg6 40. Ng3 g4+ 41. Kg2 Re3 42. Rc1 Rxa3 43. Rxc6+ Kg5 44. Re6 Ra2+ 45. Ne2 Rb2 46. Kg3 Rb3+ 47. Kf2 Rxb4 48. Re5+ Kf6 49. Rxd5 Rb3 50. Ng3 a5 51. Ne4+ Ke6 52. Re5+ Kd7 53. d5 Rf3+ 54. Ke2 a4 55. Rg5 a3 56. Rxg4 a2 57. Rg7+ Kd8 58. Ra7 Rf5 59. Ra8+ Ke7 60. d6+ Ke6 61. Rxa2 Rh5 62. Ra8 Rh2+ 63. Kd3 Rh1 64. Re8+ Kd7 65. Re7+ Kc6 66. Rc7+ Kd5 67. d7 Rh3+ 68. Kc2 Rh2+ 69. Kb3 1-0

[Event "Dubai op-A 25th"]
[Site "Dubai"]
[Date "2025.05.29"]
[Round "3"]
[White "Royal, Shreyas"]
[Black "Iniyan, Panneerseluam"]
[Result "0-1"]
[WhiteElo "2493"]
[BlackElo "2573"]
[PlyCount "60"]
[EventDate "2025.05.27"]
[EventType "swiss"]
[EventRounds "9"]
[EventCountry "UAE"]
[SourceTitle "CB23_2025"]
[SourceDate "2025.06.04"]
[SourceVersion "1"]
[SourceVersionDate "2025.06.04"]
[SourceQuality "1"]

1. Nf3 d5 2. e3 Nf6 3. c4 e6 4. Nc3 Bd6 5. b3 0-0 6. Bb2 b6 7. Rc1 a6 8. cxd5 exd5 9. g3 Bb7 10. Bg2 d4 11. Ne2 dxe3 12. fxe3 Nbd7 13. 0-0 c5 14. Nf4 Re8 15. Qe2 a5 16. Nh4 Bxg2 17. Qxg2 a4 18. Nf5 Bf8 19. g4 axb3 20. Nh5 Rxa2 21. Nh6+ gxh6 22. Bxf6 Qa8 23. Qg3 Rxd2 24. Bc3 Bd6 25. Nf4 Bxf4 26. exf4 Rde2 27. Rf3 b2 28. Rcf1 Qe4 29. Rd3 c4 30. Rdd1 Re3 0-1

[Event "Dubai op-A 25th"]
[Site "Dubai"]
[Date "2025.05.28"]
[Round "2"]
[White "Royal, Shreyas"]
[Black "Zhang, Di"]
[Result "1-0"]
[WhiteElo "2493"]
[BlackElo "2410"]
[PlyCount "93"]
[EventDate "2025.05.27"]
[EventType "swiss"]
[EventRounds "9"]
[EventCountry "UAE"]
[SourceTitle "CB23_2025"]
[SourceDate "2025.06.04"]
[SourceVersion "1"]
[SourceVersionDate "2025.06.04"]
[SourceQuality "1"]

1. e4 c5 2. Nf3 d6 3. d4 cxd4 4. Nxd4 Nf6 5. Nc3 Nc6 6. Bg5 e6 7. Qd3 Bd7 8. Ndb5 Nb4 9. Qd1 Qb8 10. Bf4 e5 11. Bg5 a6 12. Bxf6 gxf6 13. Na3 b5 14. Nab1 f5 15. a3 Nc6 16. exf5 Nd4 17. Bd3 Qb7 18. Nd2 Bc6 19. Nce4 0-0-0 20. a4 d5 21. axb5 axb5 22. Ng3 e4 23. Be2 Bh6 24. 0-0 e3 25. Bd3 exd2 26. c3 Nb3 27. Qxb3 d4 28. f3 dxc3 29. Qxc3 b4 30. Qc2 Kb8 31. Kh1 Bd5 32. Qc5 Rhe8 33. Ne4 Bf4 34. Ba6 Bxe4 35. Bxb7 Bxb7 36. Qxb4 Be3 37. Rfd1 Rd4 38. Qb5 Rdd8 39. h3 f6 40. Qc4 Re7 41. b4 Rd5 42. b5 Red7 43. Qb3 Re7 44. b6 Bc5 45. Qc4 Bxb6 46. Rxd2 Rc5 47. Qb4 1-0

[Event "Sharjah Masters-A 8th"]
[Site "Sharjah"]
[Date "2025.05.20"]
[Round "4"]
[White "Royal, Shreyas"]
[Black "Injac, Teodora"]
[Result "1-0"]
[WhiteElo "2493"]
[BlackElo "2474"]
[PlyCount "135"]
[EventDate "2025.05.17"]
[EventType "swiss"]
[EventRounds "9"]
[EventCountry "UAE"]
[SourceTitle "CB22_2025"]
[SourceDate "2025.05.28"]
[SourceVersion "1"]
[SourceVersionDate "2025.05.28"]
[SourceQuality "1"]

1. Nf3 Nf6 2. c4 e6 3. Nc3 d5 4. e3 c5 5. cxd5 exd5 6. d4 Nc6 7. Bb5 Bd6 8. 0-0 0-0 9. dxc5 Bxc5 10. b3 Bd6 11. Bb2 Bc7 12. h3 Bf5 13. Bd3 Bxd3 14. Qxd3 Ne5 15. Nxe5 Bxe5 16. Rac1 Qa5 17. a3 Rfe8 18. Rfd1 Qd8 19. Rc2 Qb6 20. b4 Rad8 21. Na4 Qd6 22. Bxe5 Qxe5 23. Nc5 Re7 24. Nb3 h6 25. Rdc1 Ne4 26. Nd4 Nd6 27. Nf3 Qe6 28. Rc5 Ne4 29. R5c2 Nd6 30. Rc5 Ne4 31. Rc7 Red7 32. Qc2 Nd6 33. Nd4 Qe7 34. Qc5 Rxc7 35. Qxc7 Qxc7 36. Rxc7 Kf8 37. Kf1 Ke8 38. Ke2 Rd7 39. Rc5 Ne4 40. Rc8+ Ke7 41. Nb3 Rd8 42. Rc7+ Rd7 43. Rc2 h5 44. Kd3 h4 45. a4 g6 46. Kd4 Ng5 47. Kd3 Ne6 48. Nd4 Nxd4 49. Kxd4 Ke6 50. Rc8 Kf5 51. a5 g5 52. b5 f6 53. Re8 b6 54. a6 Rc7 55. Kxd5 Rc5+ 56. Kd6 Rxb5 57. Kc6 Rb2 58. g4+ hxg3 59. fxg3 b5 60. g4+ Kg6 61. Kb7 b4 62. Kxa7 b3 63. Rb8 Rb1 64. Rb6 b2 65. Kb7 Re1 66. Rxb2 Rxe3 67. a7 Re7+ 68. Ka6 1-0

[Event "Sharjah Masters-A 8th"]
[Site "Sharjah"]
[Date "2025.05.17"]
[Round "1"]
[White "Iniyan, Panneerseluam"]
[Black "Royal, Shreyas"]
[Result "1-0"]
[WhiteElo "2573"]
[BlackElo "2493"]
[PlyCount "51"]
[EventDate "2025.05.17"]
[EventType "swiss"]
[EventRounds "9"]
[EventCountry "UAE"]
[SourceTitle "CB22_2025"]
[SourceDate "2025.05.28"]
[SourceVersion "1"]
[SourceVersionDate "2025.05.28"]
[SourceQuality "1"]

1. d4 d5 2. c4 dxc4 3. Nf3 Nf6 4. Qa4+ Nc6 5. Qxc4 e5 6. Nxe5 Nxe5 7. dxe5 Ng4 8. Nc3 c6 9. Qe4 Bc5 10. e3 Qe7 11. f4 0-0 12. Bd3 g6 13. Qf3 Rd8 14. Be2 Qh4+ 15. g3 Qh3 16. Bf1 Qh5 17. Ne4 Bb4+ 18. Bd2 Bxd2+ 19. Nxd2 Qf5 20. 0-0-0 Qe6 21. Bc4 Qe7 22. h3 b5 23. hxg4 bxc4 24. Ne4 Bxg4 25. Qxg4 f5 26. Qg5 1-0

[Event "Reykjavik op"]
[Site "Reykjavik"]
[Date "2025.04.11"]
[Round "4"]
[White "Dushyant, Sharma"]
[Black "Royal, Shreyas"]
[Result "0-1"]
[WhiteElo "2313"]
[BlackElo "2465"]
[PlyCount "90"]
[EventDate "2025.04.09"]
[EventType "swiss"]
[EventRounds "9"]
[EventCountry "ISL"]
[SourceTitle "CB17_2025"]
[SourceDate "2025.04.23"]
[SourceVersion "1"]
[SourceVersionDate "2025.04.23"]
[SourceQuality "1"]

1. e4 c5 2. Nf3 Nc6 3. d4 cxd4 4. Nxd4 Nf6 5. Nc3 e5 6. Ndb5 d6 7. Bg5 a6 8. Na3 b5 9. Bxf6 gxf6 10. Nd5 f5 11. c3 Bg7 12. exf5 Bxf5 13. Nc2 Be6 14. a4 Bxd5 15. Qxd5 Ne7 16. Qf3 0-0 17. axb5 axb5 18. Rxa8 Qxa8 19. Qxa8 Rxa8 20. Kd1 Nd5 21. Kc1 Rb8 22. Nb4 Bh6+ 23. Kb1 Nxb4 24. cxb4 Bd2 25. Bd3 Bxb4 26. Be4 Bc5 27. f3 Kg7 28. Kc2 h5 29. Ra1 Kf6 30. Bd5 h4 31. g4 Kg6 32. Kd3 f5 33. h3 Kg5 34. Be6 fxg4 35. Bxg4 Kf4 36. Ra6 b4 37. b3 Re8 38. Kc4 Ke3 39. Ra1 Rf8 40. Rd1 Rf4+ 41. Kd5 Ke2 42. Rc1 Rd4+ 43. Kc6 Kd2 44. Rf1 Rf4 45. Ra1 Kc2 0-1

[Event "EU-ch 25th"]
[Site "Eforie Nord"]
[Date "2025.03.22"]
[Round "7"]
[White "Vagman, Roy"]
[Black "Royal, Shreyas"]
[Result "1/2-1/2"]
[WhiteElo "2300"]
[BlackElo "2491"]
[PlyCount "99"]
[EventDate "2025.03.15"]
[EventType "swiss"]
[EventRounds "11"]
[EventCountry "ROU"]
[SourceTitle "CB13_2025"]
[SourceDate "2025.03.26"]
[SourceVersion "1"]
[SourceVersionDate "2025.03.26"]
[SourceQuality "1"]

1. e4 e5 2. Nf3 Nc6 3. Bc4 Bc5 4. d3 Nf6 5. 0-0 d6 6. c3 a5 7. Re1 Ba7 8. h3 h6 9. d4 0-0 10. Bb3 Re8 11. Bc2 Bd7 12. a4 exd4 13. cxd4 Nb4 14. Nc3 Nxc2 15. Qxc2 c6 16. Re2 Qc8 17. Bf4 Bxh3 18. gxh3 Qxh3 19. Bg3 Nh5 20. Qd1 Re6 21. Qf1 Qg4 22. Nh2 Nxg3 23. Nxg4 Nxf1 24. Kxf1 Bxd4 25. Rd1 Bxc3 26. bxc3 h5 27. Nh2 Rae8 28. Nf3 Rxe4 29. Rxe4 Rxe4 30. Rxd6 Rxa4 31. Ng5 g6 32. Rd8+ Kg7 33. Rd7 Kf6 34. Nh7+ Ke6 35. Nf8+ Ke5 36. Rxf7 b5 37. Nxg6+ Ke6 38. Rf3 Ra1+ 39. Ke2 a4 40. Kd2 c5 41. Nf4+ Kd6 42. Nd3 a3 43. Kc2 h4 44. Rh3 Rf1 45. Nc1 Rxf2+ 46. Kb3 a2 47. Nxa2 Rf4 48. Re3 Rg4 49. Nc1 b4 50. cxb4 1/2-1/2

[Event "EU-ch 25th"]
[Site "Eforie Nord"]
[Date "2025.03.17"]
[Round "3"]
[White "Svane, Frederik"]
[Black "Royal, Shreyas"]
[Result "1-0"]
[WhiteElo "2654"]
[BlackElo "2491"]
[PlyCount "85"]
[EventDate "2025.03.15"]
[EventType "swiss"]
[EventRounds "11"]
[EventCountry "ROU"]
[SourceTitle "CB13_2025"]
[SourceDate "2025.03.26"]
[SourceVersion "1"]
[SourceVersionDate "2025.03.26"]
[SourceQuality "1"]

1. e4 e5 2. Nf3 Nc6 3. Bb5 a6 4. Ba4 Nf6 5. 0-0 b5 6. Bb3 Bc5 7. a4 Rb8 8. c3 d6 9. d4 Bb6 10. Be3 Bg4 11. axb5 axb5 12. Nbd2 0-0 13. h3 Bh5 14. Qe1 Re8 15. dxe5 Nxe5 16. Nxe5 dxe5 17. f3 Nd7 18. Qf2 Bxe3 19. Qxe3 Qe7 20. Ra7 Qd6 21. Rd1 Nc5 22. Bc2 Qb6 23. Rda1 Red8 24. Nf1 b4 25. R7a5 b3 26. Bb1 Nd7 27. Bd3 f6 28. Bc4+ Bf7 29. Bxf7+ Kxf7 30. Kh2 Qxe3 31. Nxe3 Nf8 32. Ra7 Rd7 33. R1a6 Ne6 34. Nd5 Nc5 35. Rc6 Nd3 36. Nb6 Re7 37. Nc4 Kg6 38. Rcxc7 Rxc7 39. Rxc7 f5 40. exf5+ Kxf5 41. Rd7 e4 42. fxe4+ Kxe4 43. Rd4+ 1-0

[Event "Wch U20 62nd"]
[Site "Petrovac"]
[Date "2025.03.06"]
[Round "10"]
[White "Royal, Shreyas"]
[Black "Begmuratov, Khumoyun"]
[Result "1/2-1/2"]
[WhiteElo "2488"]
[BlackElo "2409"]
[PlyCount "91"]
[EventDate "2025.02.25"]
[EventType "swiss"]
[EventRounds "11"]
[EventCountry "MNE"]
[SourceTitle "CB11_2025"]
[SourceDate "2025.03.12"]
[SourceVersion "1"]
[SourceVersionDate "2025.03.12"]
[SourceQuality "1"]

1. c4 Nf6 2. Nc3 g6 3. e4 d6 4. d4 Bg7 5. Be2 Na6 6. h4 c5 7. d5 h5 8. Bg5 Nc7 9. Nf3 a6 10. a4 Bg4 11. Nd2 Bxe2 12. Qxe2 Rb8 13. Bf4 0-0 14. 0-0 Ng4 15. Nf3 Qd7 16. e5 Qf5 17. Bg3 Nxe5 18. Nxe5 Bxe5 19. Bxe5 Qxe5 20. Qxe5 dxe5 21. Rae1 f6 22. f4 b5 23. fxe5 fxe5 24. Rxe5 Rxf1+ 25. Kxf1 Kf7 26. axb5 axb5 27. b3 bxc4 28. bxc4 Rb4 29. Re4 Ne8 30. Rf4+ Kg7 31. Re4 Kf7 32. Rf4+ Kg7 33. Nb5 Nd6 34. Nxd6 exd6 35. Kf2 Rb2+ 36. Kg3 Rb3+ 37. Rf3 Rb4 38. Rc3 Kf6 39. Kf4 Rb2 40. g3 Rf2+ 41. Ke3 Ra2 42. Ke4 Re2+ 43. Kf3 Ra2 44. Kf4 Rf2+ 45. Ke3 Ra2 46. Kf4 1/2-1/2

[Event "Wch U20 62nd"]
[Site "Petrovac"]
[Date "2025.03.01"]
[Round "5"]
[White "Cordoba Roa, Angel Gabriel"]
[Black "Royal, Shreyas"]
[Result "0-1"]
[WhiteElo "2358"]
[BlackElo "2488"]
[PlyCount "90"]
[EventDate "2025.02.25"]
[EventType "swiss"]
[EventRounds "11"]
[EventCountry "MNE"]
[SourceTitle "CB11_2025"]
[SourceDate "2025.03.12"]
[SourceVersion "1"]
[SourceVersionDate "2025.03.12"]
[SourceQuality "1"]

1. e4 c6 2. d4 d5 3. e5 Bf5 4. Nf3 e6 5. Be2 a6 6. 0-0 Bg6 7. c3 c5 8. Nbd2 Nc6 9. dxc5 Bxc5 10. Nb3 Ba7 11. Re1 Nge7 12. Bd3 Bh5 13. Bf4 Ng6 14. Bg3 0-0 15. Nbd2 f5 16. exf6 Qxf6 17. Qb3 b5 18. Re2 Na5 19. Qb4 Nc4 20. Bxc4 bxc4 21. Rae1 Nf4 22. Bxf4 Qxf4 23. Rxe6 Bxf2+ 24. Kxf2 Qxd2+ 25. R1e2 Qd3 26. R6e3 Qg6 27. Qc5 Rad8 28. Qd4 Bg4 29. Ke1 Qb1+ 30. Kf2 Qg6 31. Ke1 h5 32. Qe5 h4 33. h3 Bxf3 34. gxf3 Rf5 35. Qe6+ Qxe6 36. Rxe6 Rxf3 37. Rxa6 Rxh3 38. Rg6 Kh7 39. Rg4 Rd6 40. Re5 Rh2 41. Kf1 h3 42. Rg3 Rh1+ 43. Kf2 Rf6+ 44. Ke2 h2 45. Rh5+ Rh6 0-1

[Event "Wch U20 62nd"]
[Site "Petrovac"]
[Date "2025.02.28"]
[Round "4"]
[White "Royal, Shreyas"]
[Black "Kiladze, Luka"]
[Result "1/2-1/2"]
[WhiteElo "2488"]
[BlackElo "2359"]
[PlyCount "120"]
[EventDate "2025.02.25"]
[EventType "swiss"]
[EventRounds "11"]
[EventCountry "MNE"]
[SourceTitle "CB11_2025"]
[SourceDate "2025.03.12"]
[SourceVersion "1"]
[SourceVersionDate "2025.03.12"]
[SourceQuality "1"]

1. e4 c5 2. Nf3 Nc6 3. d4 cxd4 4. Nxd4 g6 5. c4 Nf6 6. Nc3 d6 7. Be2 Nxd4 8. Qxd4 Bg7 9. Qd3 0-0 10. Be3 Bg4 11. 0-0 Bxe2 12. Qxe2 Qa5 13. h3 Rfc8 14. Rac1 a6 15. Bd2 b5 16. cxb5 axb5 17. Nd5 Qd8 18. Ba5 Qf8 19. Nb6 Rxc1 20. Rxc1 Rb8 21. e5 dxe5 22. Qxb5 Bh6 23. Rd1 e4 24. Qe5 Rd8 25. Nd5 Rxd5 26. Rxd5 Nxd5 27. Qxd5 e3 28. Kf1 exf2 29. Kxf2 Bf4 30. Qd8 Qxd8 31. Bxd8 Kf8 32. Bb6 Ke8 33. b4 Kd7 34. b5 Bc7 35. Ba7 Ba5 36. Ke2 e5 37. Kd3 f5 38. Kc4 Kc7 39. Bf2 Kb7 40. a4 Bd2 41. Kd3 Ba5 42. Be3 e4+ 43. Kc4 Bb6 44. Bd2 Bf2 45. Bg5 Bb6 46. g4 fxg4 47. hxg4 h5 48. gxh5 gxh5 49. Bh4 Kc8 50. Kd5 e3 51. Ke4 e2 52. Kf3 Bd8 53. Bf2 h4 54. Kxe2 h3 55. Bg3 Kb7 56. Kf3 Kb6 57. Kg4 Ka5 58. Bc7+ Bxc7 59. Kxh3 Kxa4 60. b6 Bxb6 1/2-1/2

[Event "Wch U20 62nd"]
[Site "Petrovac"]
[Date "2025.02.27"]
[Round "3"]
[White "Amartuvshin, Ganzorig"]
[Black "Royal, Shreyas"]
[Result "1/2-1/2"]
[WhiteElo "2391"]
[BlackElo "2488"]
[PlyCount "97"]
[EventDate "2025.02.25"]
[EventType "swiss"]
[EventRounds "11"]
[EventCountry "MNE"]
[SourceTitle "CB11_2025"]
[SourceDate "2025.03.12"]
[SourceVersion "1"]
[SourceVersionDate "2025.03.12"]
[SourceQuality "1"]

1. d4 d5 2. c4 e6 3. Nc3 Nf6 4. cxd5 exd5 5. Bg5 Bb4 6. e3 h6 7. Bxf6 Qxf6 8. Qb3 Qd6 9. a3 Bxc3+ 10. Qxc3 Bf5 11. Qb4 Qb6 12. Nf3 Nd7 13. Be2 a5 14. Qxb6 Nxb6 15. a4 Ke7 16. Nd2 Rhc8 17. 0-0 Bc2 18. Bg4 f5 19. Rfc1 fxg4 20. Rxc2 Kd6 21. b3 c5 22. dxc5+ Rxc5 23. Rxc5 Kxc5 24. Rc1+ Kb4 25. Rc7 Rc8 26. Rxb7 Rc1+ 27. Nf1 Rc6 28. Ra7 Nc4 29. bxc4 dxc4 30. Ng3 c3 31. Ne2 c2 32. f4 gxf3 33. gxf3 c1R+ 34. Nxc1 Rxc1+ 35. Kf2 g5 36. f4 gxf4 37. exf4 Kxa4 38. Kf3 Rh1 39. f5 Rxh2 40. f6 Rh1 41. f7 Rf1+ 42. Ke4 h5 43. Ke5 h4 44. Ke6 h3 45. Ra8 h2 46. Rh8 Re1+ 47. Kd6 Rd1+ 48. Ke6 Re1+ 49. Kd6 1/2-1/2

[Event "Wch U20 62nd"]
[Site "Petrovac"]
[Date "2025.02.25"]
[Round "1"]
[White "Jaiveer, Mahendru"]
[Black "Royal, Shreyas"]
[Result "1/2-1/2"]
[WhiteElo "2251"]
[BlackElo "2488"]
[PlyCount "132"]
[EventDate "2025.02.25"]
[EventType "swiss"]
[EventRounds "11"]
[EventCountry "MNE"]
[SourceTitle "CB11_2025"]
[SourceDate "2025.03.12"]
[SourceVersion "1"]
[SourceVersionDate "2025.03.12"]
[SourceQuality "1"]

1. e4 c6 2. d4 d5 3. exd5 cxd5 4. Bd3 Nc6 5. c3 e6 6. Bf4 Bd6 7. Bxd6 Qxd6 8. Nf3 Nge7 9. 0-0 0-0 10. Nbd2 Bd7 11. Re1 f6 12. c4 Rad8 13. Qc2 Kh8 14. a3 dxc4 15. Nxc4 Qd5 16. Rad1 Be8 17. Be4 Qd7 18. Ne3 Bf7 19. h3 h6 20. Rd2 Bh5 21. d5 Bxf3 22. Bxf3 Ne5 23. d6 Nxf3+ 24. gxf3 Nc6 25. Ng2 e5 26. Nh4 Rfe8 27. Ng6+ Kg8 28. Kg2 Qf7 29. Qf5 Re6 30. f4 Rexd6 31. Rxd6 Rxd6 32. fxe5 Qd5+ 33. Kg1 fxe5 34. Nxe5 Rf6 35. Qc8+ Kh7 36. Qd7 Rd6 37. Qf5+ g6 38. Qf4 Nd4 39. Qf7+ Qxf7 40. Nxf7 Rd7 41. Ne5 Re7 42. Kg2 g5 43. Rd1 Ne6 44. Ng4 h5 45. Ne3 Kg6 46. Rd6 Kf6 47. Nd5+ Ke5 48. Nxe7 Kxd6 49. Nc8+ Ke5 50. Nxa7 h4 51. Kf3 Nf4 52. Kg4 Kf6 53. b4 Nd3 54. Kf3 Ne1+ 55. Ke2 Nc2 56. Nb5 Kf5 57. Nd6+ Kf4 58. Nxb7 g4 59. hxg4 h3 60. Kf1 Nxa3 61. Nd6 Kxg4 62. Ne4 Nc4 63. b5 Kf4 64. Ng3 Kf3 65. Ne2 h2 66. Nd4+ Ke4 1/2-1/2